Logo BPK

Biblioteka

Politechniki Koszalińskiej

Biologia XX wieku : (Rekord nr 14575)

Szczegóły MARC
000 -ETYKIETA REKORDU
podpole kontrolne o stałej długości 01297nam a2200361 i 4500
001 - NUMER KONTROLNY REKORDU
pole kontrolne 14575
003 - IDENTYFIKATOR NUMERU KONTROLNEGO REKORDU
podpole kontrolne KOSZ 005
005 - DATA OSTATNIEJ MODYFIKACJI REKORDU
podpole kontrolne 20240405063021.0
008 - POLE O STAŁEJ DŁUGOŚCI - DANE KONTROLNE
podpole kontrolne o stałej długości 990506s1971 pl a f |000 0 pol
015 ## - NUMER BIBLIOGRAFII NARODOWEJ
Numer bibliografii narodowej PB 1971/631
035 ## - NUMER SYSTEMOWY
Numer systemowy przejętego rekordu (OCoLC)749499936
040 ## - ŹRÓDŁO KATALOGOWANIA
Instytucja, która sporządziła opis WA N
Instytucja, która utworzyła rekord WA N
Instytucja, która dokonała modyfikacji KOSZ 005/EC
041 ## - KOD JĘZYKA
Kod języka tekstu pol
046 ## - DATY KODOWANE
Pojedyncza data lub początek okresu powstania dzieła lub zbioru dzieł 1971
080 ## - UNIWERSALNA KLASYFIKACJA DZIESIĘTNA - UKD
UKD 57/59(084.1)
999 ## - SYSTEM CONTROL NUMBERS (KOHA)
Koha Dewey Subclass [OBSOLETE] xxx
245 00 - TYTUŁ/ODPOWIEDZIALNOŚĆ
Tytuł Biologia XX wieku :
Ciąg dalszy tytułu praca zbiorowa.
Oznaczenie części/sekcji dzieła T. 1 /
Pozostałe elementy strefy tytułu i oznaczenia odpowiedzialności pod red. Stanisława Skowrona, Włodzimierza Ostrowskiego, Alicji Tejchmy ; [mapy Wacław Dąbrowski].
260 ## - STREFA ADRESU WYDAWNICZEGO
Miejsce wydania Warszawa :
Nazwa wydawcy/dystrybutora "Wiedza Powszechna",
Data publikacji, dystrybucji/powstania dokumentu 1971.
300 ## - STREFA OPISU FIZYCZNEGO
Objętość 603, [5] s., 22 s. tabl. :
Inne cechy fizyczne il., mapy ;
Rozmiary 23 cm.
380 ## - FORMA I TYP PUBLIKACJI
Forma i typ publikacji Książki.
388 ## - CZAS POWSTANIA
Czas powstania 1901-2000
388 ## - CZAS POWSTANIA
Czas powstania 1945-1989
504 ## - UWAGA DOTYCZĄCA BIBLIOGRAFII
Informacje o bibliografii Bibliogr.
648 #4 - HASŁO PRZEDMIOTOWE - TERMIN CHRONOLOGICZNY
Termin chronologiczny 1901-2000
650 #4 - HASŁO PRZEDMIOTOWE W FORMIE NAZWY OGÓLNEJ LUB JEDNOSTKOWEJ
Nazwa ogólna lub geograficzna Biologia
710 2# - HASŁO DODATKOWE - NAZWA CIAŁA ZBIOROWEGO
Nazwa ciała zbiorowego lub jednostki geograficznej Państwowe Wydawnictwo Wiedza Powszechna
Kod określenia powiązania pbl.
700 1# - HASŁO DODATKOWE - NAZWA OSOBOWA
Nazwa osobowa Dąbrowski, Wacław
Określenie związku między hasłem a opisywanym materiałem Ilustracje
700 1# - HASŁO DODATKOWE - NAZWA OSOBOWA
Nazwa osobowa Skowron, Stanisław
Daty związane z nazwą (1900-1976).
Określenie związku między hasłem a opisywanym materiałem Redakcja
700 1# - HASŁO DODATKOWE - NAZWA OSOBOWA
Nazwa osobowa Ostrowski, Włodzimierz Stanisław
Daty związane z nazwą (1925- ).
Określenie związku między hasłem a opisywanym materiałem Redakcja
700 1# - HASŁO DODATKOWE - NAZWA OSOBOWA
Nazwa osobowa Tejchma, Alicja
Daty związane z nazwą (1931-1987).
Określenie związku między hasłem a opisywanym materiałem Redakcja
856 ## - LOKALIZACJA I DOSTĘP DO ELEKTRONICZNYCH DOKUMENTÓW ZDALNYCH
Link (URL) http://koha.tu.koszalin.pl/cgi-bin/koha/opac-detail.pl?biblionumber=14575
Tekst linku Katalog online BPK
942 ## - DODATKOWE ELEMENTY (KOHA)
Schemat klasyfikacji Uniwersalna Klasyfikacja Dziesiętna
Typ dokumentu Książka
Egzemplarze
Wycofany Status egzemplarza Uszkodzony Dostępność Lokalizacja stała Lokalizacja bieżąca Miejsce przechowywania Sygnatura Kod kreskowy Dział Typ dokumentu
      Tylko na miejscu Biblioteka Politechniki Koszalińskiej Biblioteka Politechniki Koszalińskiej Czytelnia BG 14265 01813715 57 Nauki biologiczne Książka
© 2023 Biblioteka Politechniki Koszalińskiej :: KOHA